Alternatívy zásobovania bytového domu plynom

Salvato in:
Dettagli Bibliografici
Autore principale: Košč, Igor (Autore)
Altri autori: Peráčková, Jana (Relatore della tesi)
Natura: Manoscritto Libro
Lingua:slovacco
Pubblicazione: 2015
Soggetti:
Accesso online:http://is.stuba.sk/zp/portal_zp.pl?podrobnosti=111369
https://opac.crzp.sk/?fn=detailBiblioForm&sid=78283B71680DBAF21C44DA1D22D4
Tags: Aggiungi Tag
Nessun Tag, puoi essere il primo ad aggiungerne!!

MARC

LEADER 00000ntm a22000003a 4500
001 stuzp50543
003 SK-STU
005 20231023101035.9
007 ta
008 150427s2015----xo-----f-mn---000-0-slo-d
040 |a STU  |b slo 
041 0 |a slo 
100 1 |a Košč, Igor  |u 010290  |4 aut  |U SvF Stavebná fakulta  |T SvF Katedra technických zariadení budov  |X 12093  |U V290  |Y 31  |7 12093 
242 0 1 |a Methods of Gas Distribution for Residential Building  |y eng 
245 1 0 |a Alternatívy zásobovania bytového domu plynom 
260 |c 2015 
650 4 |a vykurovanie  |2 slo 
650 4 |a lokálny zdroj tepla  |2 slo 
650 4 |a plyn  |2 slo 
650 4 |a centrálny zdroj tepla  |2 slo 
650 4 |a heating system  |2 eng 
650 4 |a local heating source  |2 eng 
650 4 |a natural gas  |2 eng 
650 4 |a central heating source  |2 eng 
700 1 |a Peráčková, Jana  |4 ths  |X 2739  |7 A000002739 
856 4 |u http://is.stuba.sk/zp/portal_zp.pl?podrobnosti=111369 
856 4 |u https://opac.crzp.sk/?fn=detailBiblioForm&sid=78283B71680DBAF21C44DA1D22D4 
SQL |a stuzp50543  |b DDP  |c SLO  |d Alternatívy zásobovania bytového domu plynom  |e 12093  |f Košč, Igor  |g 010290  |h 2739  |i Peráčková, Jana  |j 20150617  |k 25  |l 01  |m http://is.stuba.sk/zp/portal_zp.pl?podrobnosti=111369  |n I-TPB  |o 5.1.4. pozemné stavby